Anatomía, fisiología e higiene del hombre : (Record no. 208517)

MARC details
000 -CABECERA
campo de control de longitud fija 00999nam a2200277 a 4500
003 - IDENTIFICADOR DEL NÚMERO DE CONTROL
campo de control MX-MxUPN
005 - FECHA Y HORA DE LA ÚLTIMA TRANSACCIÓN
campo de control 20220617134239.0
008 - ELEMENTOS DE LONGITUD FIJA--INFORMACIÓN GENERAL
campo de control de longitud fija 220602t1980 cu a||||r|||| 000 0 spa d
040 ## - FUENTE DE LA CATALOGACIÓN
Centro catalogador/agencia de origen MX-MxUPN
Lengua de catalogación spa
Centro/agencia transcriptor MX-MxUPN
041 0# - CÓDIGO DE IDIOMA
Código de lengua del texto/banda sonora o título independiente spa
050 14 - SIGNATURA TOPOGRÁFICA DE LA BIBLIOTECA DEL CONGRESO
Número de clasificación LB1651 C99
Número de documento/Ítem P47
100 1# - ASIENTO PRINCIPAL--NOMBRE PERSONAL
Nombre de persona Pérez Cendón, Manuel
9 (RLIN) 44667
100 1# - ASIENTO PRINCIPAL--NOMBRE PERSONAL
Nombre de persona Santos Palma, Edith Miriam
9 (RLIN) 44669
100 1# - ASIENTO PRINCIPAL--NOMBRE PERSONAL
Nombre de persona Fernández Meneses, Migdalia
9 (RLIN) 44670
100 1# - ASIENTO PRINCIPAL--NOMBRE PERSONAL
Nombre de persona Colado González, Hugo
9 (RLIN) 44671
100 1# - ASIENTO PRINCIPAL--NOMBRE PERSONAL
Nombre de persona Breto González, Renato
9 (RLIN) 44672
100 1# - ASIENTO PRINCIPAL--NOMBRE PERSONAL
Nombre de persona Silvestre Oramas, Margarita
9 (RLIN) 43860
100 1# - ASIENTO PRINCIPAL--NOMBRE PERSONAL
Nombre de persona Rojas Fernández, Julia
9 (RLIN) 44673
100 1# - ASIENTO PRINCIPAL--NOMBRE PERSONAL
Nombre de persona Cabrera Santos, Anastasio
9 (RLIN) 44674
245 10 - MENCIÓN DE TÍTULO
Título Anatomía, fisiología e higiene del hombre :
Resto del título noveno grado
260 ## - PUBLICACIÓN, DISTRIBUCIÓN, ETC.
Lugar de publicación, distribución, etc. Ciudad de La Habana :
Nombre del editor, distribuidor, etc. Editorial Pueblo y Educación,
Fecha de publicación, distribución, etc. ©1980.
300 ## - DESCRIPCIÓN FÍSICA
Extensión 237 páginas :
Otras características físicas ilustraciones.
650 #4 - ASIENTO SECUNDARIO DE MATERIA - TERMINO TEMATICO
Término de materia o nombre geográfico como elemento de entrada Anatomía humana
Subdivisión general Estudio y enseñanza (Secundaria)
9 (RLIN) 578
650 #4 - ASIENTO SECUNDARIO DE MATERIA - TERMINO TEMATICO
Término de materia o nombre geográfico como elemento de entrada Anatomía humana
Subdivisión de forma Libros de texto
9 (RLIN) 44666
942 ## - ELEMENTOS DE PUNTO DE ACCESO ADICIONAL (KOHA)
Fuente del sistema de clasificación o colocación Library of Congress Classification
Tipo de ítem Koha Libro
Holdings
Estado de retiro Estado de pérdida Fuente del sistema de clasificación o colocación Estado dañado No para préstamo Código de colección Localización permanente Ubicación/localización actual Ubicación en estantería Fecha de adquisición Clasificación Código de barras Fecha visto por última vez Precio válido a partir de Tipo de ítem Koha
    Library of Congress Classification   Coleccion LT Libros de texto Bib. Gregorio Torres Quintero Bib. Gregorio Torres Quintero Libros de Texto 13/06/2022 LB1651 C99 P47 335853 13/06/2022 13/06/2022 Libro